| 000 -ლიდერი |
| ფიქსირებული სიგრძის საკონტროლო ველი |
03088nam a2200337Ia 4500 |
| 001 - საკონტროლო ნომერი |
| საკონტროლო ველი |
22685 |
| 003 - საკონტროლო ნომრის იდენტიფიკატორი |
| საკონტროლო ველი |
GE_BSU |
| 005 - ბოლო ოპერაციის თარიღი და დრო |
| საკონტროლო ველი |
20230412144741.0 |
| 008 - ფიქსირებული სიგრძის მონაცემთა ელემენტები - ზოგადი ინფორმაცია |
| ფიქსირებული სიგრძის საკონტროლო ველი |
181216s2018||||ge |||||||||||||| || || |
| 020 ## - წიგნის საერთაშორისო სტანდარტული ნომერი |
| International Standard Book Number |
ISSN 1987-5576 ISBN 9789941277177 |
| 040 ## - კატალოგიზაციის წყარო |
| Transcribing agency |
GE_BSU |
| 041 ## - ენის კოდი |
| Language code of text/sound track or separate title |
geo |
| 080 ## - უნივერსალური ათობითი კლასიფიკაციის ინდექსი |
| Universal Decimal Classification number |
342.511(479.22)+929(479.22) ს-32 |
| 245 ## - ცნობა სათაურის შესახებ |
| Title |
საქართველოს სახელმწიფოს ხელმძღვანელები : ოფიციალური დოკუმენტები, მიმართვები და ინტერვიუები ტ. 14 : |
| Remainder of title |
ნოე ჟორდანია:საქართველოს რესპუბლიკის მათავრობის თავმჯდომარე (1918წლის 24ივნისი-1921წლის 18 მარტი) / |
| Statement of responsibility, etc |
იდეის ავტორი : ემზარ ჯგერენაია, დორის ფოგლი ; მთ.რედ. შტეპჰმენ ჯონსი ; შემდგენ. : ლილი საყვარელიძე, ეთერ შუბითიძე. |
| 264 ## - წარმოების, გამოცემის, დისტრიბუციის და სხვა ცნობები |
| გამოცემის, წარმოების, დისტრიბუციის... ადგილი |
თბილისი : |
| გამოცემის, წარმოების, დისტრიბუციის... სახელწოდება |
საქრთველოს პარლამენტის ეროვნული ბიბლიოთეკა, |
| გამოცემის, წარმოების, დისტრიბუციის... თარიღი |
2018. |
| 300 ## - ფიზიკური აღწერა |
| Extent |
259 გვ. ; |
| Dimensions |
20 სმ. |
| 490 ## - სერიის ცნობა |
| Series statement |
საქართველოს სახელმწიფოს ხელმძღვანლები |
| Volume number/sequential designation |
14 |
| 500 ## - ზოგადი შენიშვნა |
| General note |
ეძღვნება საქართველოს დემოკრატიული რესპუბლიკის 100 წლისთავს |
| 501 ## - შენიშვნა თანმხლებ მასალაზე |
| With note |
პირთა საძიებელი : გვ. 243-250 |
| 501 ## - შენიშვნა თანმხლებ მასალაზე |
| With note |
საგნობრივი საძ. : გვ. 251-259 |
| 520 ## - SUMMARY, ETC. |
| Summary, etc |
ეძღვნება საქართველოს დემოკრატიული რესპუბლიკის 100 წლისთავს. |
| 653 ## - INDEX TERM--UNCONTROLLED |
| Uncontrolled term |
ბიოგრაფიული და მონათესავე გამოკვლევები |
| 653 ## - INDEX TERM--UNCONTROLLED |
| Uncontrolled term |
ნოე ჟორდანია : საქართველოს რესპუბლიკის მათავრობის თავმჯდომარე (1918წლის 24ივნისი-1921წლის 18 მარტი) |
| 653 ## - INDEX TERM--UNCONTROLLED |
| Uncontrolled term |
საქართველოს სახელმწიფოს ხელმძღვანელები : ოფიციალური დოკუმენტები, მიმართვები და ინტერვიუები. ტ. 14 |
| 653 ## - INDEX TERM--UNCONTROLLED |
| Uncontrolled term |
სახელმწიფო (საჯარო სამართალი) |
| 700 ## - ADDED ENTRY--PERSONAL NAME |
| Personal name |
ჯონსი, შტეპჰმენ |
| Relator term |
მთ. რედაქტორი |
| 9 (RLIN) |
17635 |
| 700 ## - ADDED ENTRY--PERSONAL NAME |
| Personal name |
საყვარელიძე, ლილი |
| Relator term |
შემდგენილი |
| 9 (RLIN) |
17636 |
| 700 ## - ADDED ENTRY--PERSONAL NAME |
| Personal name |
შუბითიძე, ეთერ |
| Relator term |
შემდგენელი |
| 9 (RLIN) |
17637 |
| 942 ## - ADDED ENTRY ELEMENTS (KOHA) |
| Koha item type |
წიგნი |
| Source of classification or shelving scheme |
|